000 00654nam a2200193 i 4500
001 141505
003 ES-MaACL
005 20230906200316.0
007 t|
008 070925s1930 sp ||||1| spa d
100 1 _aVillegas Arango, Eduardo.
_9115214
245 1 0 _aMercancías o productos comerciales /
_cpor Eduardo Villegas Arango.
250 _a2ª ed.
260 _aMadrid :
_bJuan Pueyo,
_c1930.
300 _a4 tomos en 2 vols. ;
_c22 cm.
505 8 _aContiene: I.: Metales ; II.: Piedras industriales, cales y cementos, cerámica, vidrios, piedras preciosas combustibles
650 1 4 _aMercancías.
_915001
852 _aES-MaACL
_jA-1678-79
999 _c141505
_d141505